000 01061nam a22003137a 4500
001 6609
003 FISKH
005 20250819132305.0
008 250513b cb ||||| |||| 00| 0 eng d
020 _a0439755336
040 _aFISKH
_beng
_cFISKH
_dFISKH
050 _aPZ7.L51436 C
082 _a529
100 _aB.Lee, Quinlan
245 _aChristmas angel /
_cBy Quinlan B.Lee ; Illustrated by John Kurtz
250 _aThis edition first published in 2005
260 _aNew York :
_bScholastic,
_c2005
300 _a23 pages :
_bcolor illustrations ;
_c21 cm
490 _aClifford's puppy days
505 _aN
520 _aIt's Christmastime! Clifford loves the presents, the parties, and the yummy food. Decorating the big tree is especially fun! But what do those things really have to do with the holiday spirit?
521 8 _a570
_bLexile
521 8 _aN
_bRaz-Plus
650 _2Christmas
_aHolidays - Christmas
650 _2Bridwell
_aEasy Lee
700 _aKurtz, John
_dillustrator
942 _2ddc
_cBK
_n0
999 _c6609
_d6609